Eight Language Months Blitz Quiz Stats

 Plays Quiz not verified by Sporcle

Score 0/96 Timer 00:45
0 Plays Today
Month Translation % Correct
Aprilabril
95.8%
Aprilavril
95.8%
AprilApril
95.8%
Aprilaprile
95.8%
Aprilabril
95.8%
Aprilapril
95.8%
Aprilapril
95.8%
Aprilmensis Aprilis
95.8%
Maymayo
94.7%
Maymai
94.7%
MayMai
94.7%
Maymaggio
94.7%
Maymaio
94.7%
Maymei
94.7%
Maymaj
94.7%
Maymensis Maius
94.7%
Januaryenero
93.1%
Januaryjanvier
93.1%
JanuaryJanuar
93.1%
Januarygennaio
93.1%
Januaryjaneiro
93.1%
Januaryjanuari
93.1%
Januaryjanuari
93.1%
Januarymensis Ianuarius
93.1%
Julyjulio
91.3%
Julyjuillet
91.3%
JulyJuli
91.3%
Julyluglio
91.3%
Julyjulho
91.3%
Julyjuli
91.3%
Julyjuli
91.3%
Julymensis Julius
91.3%
Month Translation % Correct
Marchmarzo
90.1%
Marchmars
90.1%
MarchMärz
90.1%
Marchmarzo
90.1%
Marchmarço
90.1%
Marchmaart
90.1%
Marchmars
90.1%
Marchmensis Martius
90.1%
Augustagosto
89.9%
Augustaoût
89.9%
AugustAugust
89.9%
Augustagosto
89.9%
Augustagosto
89.9%
Augustaugustus
89.9%
Augustaugusti
89.9%
Augustmensis Augustus
89.9%
Octoberoctubre
88.6%
Octoberoctobre
88.6%
OctoberOktober
88.6%
Octoberottobre
88.6%
Octoberoutubro
88.6%
Octoberoktober
88.6%
Octoberoktober
88.6%
Octobermensis October
88.6%
Februaryfebrero
88.6%
Februaryfévrier
88.6%
FebruaryFebruar
88.6%
Februaryfebbraio
88.6%
Februaryfevereiro
88.6%
Februaryfebruari
88.6%
Februaryfebruari
88.6%
Februarymensis Februarius
88.6%
Month Translation % Correct
Septemberseptiembre
88.1%
Septemberseptembre
88.1%
SeptemberSeptember
88.1%
Septembersettembre
88.1%
Septembersetembro
88.1%
Septemberseptember
88.1%
Septemberseptember
88.1%
Septembermensis September
88.1%
Junejunio
86.9%
Junejuin
86.9%
JuneJuni
86.9%
Junegiugno
86.9%
Junejunho
86.9%
Junejuni
86.9%
Junejuni
86.9%
Junemensis Iunius
86.9%
Novembernoviembre
85.4%
Novembernovembre
85.4%
NovemberNovember
85.4%
Novembernovembre
85.4%
Novembernovembro
85.4%
Novembernovember
85.4%
Novembernovember
85.4%
Novembermensis November
85.4%
Decemberdiciembre
79.6%
Decemberdécembre
79.6%
DecemberDezember
79.6%
Decemberdicembre
79.6%
Decemberdezembro
79.6%
Decemberdecember
79.6%
Decemberdecember
79.6%
Decembermensis December
79.6%

You're not logged in!

Compare scores with friends on all Sporcle quizzes.
OR
Log In

Show Comments

Extras

Top Quizzes Today


Score Distribution

Your Account Isn't Verified!

In order to create a playlist on Sporcle, you need to verify the email address you used during registration. Go to your Sporcle Settings to finish the process.

Report this User

Report this user for behavior that violates our Community Guidelines.

Details: